| 000 | 00714nam a22002057a 4500 | ||
|---|---|---|---|
| 999 |
_c16232 _d16232 |
||
| 003 | AR-CdUCM | ||
| 008 | 190502b ||||| |||| 00| 0 spa d | ||
| 040 |
_aMUNICIPALIDAD PROVINCIAL DEL CUSCO _cBIBLIOTECA MUNICIPAL DEL CUSCO |
||
| 082 |
_a869.018 / _bP71 |
||
| 110 |
_aInstituto Andino de Artes Populares _935555 |
||
| 245 |
_aPoesía popular andina : _bVenezuela - Colombia - Panama / |
||
| 260 |
_aQuito : _bInstituto Andino de Artes Populares, _c1982. |
||
| 300 |
_a502 páginas ; _c22 cm. |
||
| 505 | _aContenido: t.1. Venezuela - Colombia - Panama. | ||
| 650 |
_aPoesía latinoamericana _92147 |
||
| 650 |
_aSiglo XX _98 |
||
| 650 |
_aColecciones _9607 |
||
| 942 |
_2ddc _cLIBROS |
||
| 945 |
_aacv _d2019-05-02 |
||